[Event "LK jeugd t/m 12 jaar"]
[Site "Buggenum"]
[Date "2007.12.28"]
[Round "4"]
[White "Van Oeteren, Roy"]
[Black "Van Meegen, Ruud"]
[Result "0-1"]
[WhiteElo "792"]
[BlackElo "1434"]
[PlyCount "102"]
[EventDate "2007.12.28"]
[EventType "tourn"]
[EventRounds "17"]
[EventCountry "NED"]
[Source "P.Boonen"]
[SourceDate "2015.01.01"]

1. e4 c5 2. Nc3 d6 3. Bb5+ Bd7 4. Bxd7+ Nxd7 5. Nf3 Ngf6 6. O-O g6 7. Nd5 Bg7
8. Nxf6+ Nxf6 9. e5 dxe5 10. Nxe5 O-O 11. d3 Rc8 12. Bg5 b5 13. Bxf6 Bxf6 14.
Ng4 Bg7 15. c4 bxc4 16. dxc4 Bxb2 17. Rb1 Rb8 18. Qc2 Bg7 19. Qc1 Qd4 20. Rd1
Qxg4 21. Rd5 Rxb1 22. Qxb1 Qxc4 23. Qb3 Qxb3 24. axb3 Rb8 25. Rxc5 Rxb3 26.
Rc8+ Bf8 27. h3 a5 28. Ra8 Ra3 29. Kf1 e6 30. Ke1 Kg7 31. Kd1 a4 32. Kc1 Ra2
33. Kb1 Rxf2 34. g4 Rh2 35. Rxa4 Rxh3 36. Kc2 Rh4 37. Kd3 h5 38. Ke3 Rxg4 39.
Ra2 e5 40. Rf2 Bc5+ 41. Ke2 Bxf2 42. Kxf2 h4 43. Kf3 f5 44. Kf2 Rg3 45. Kf1 Rd3
46. Kg2 h3+ 47. Kh2 f4 48. Kh1 Rg3 49. Kh2 e4 50. Kh1 e3 51. Kh2 e2 0-1

[Event "LK jeugd t/m 12 jaar"]
[Site "Buggenum"]
[Date "2007.12.28"]
[Round "4"]
[White "Verstappen, Thom"]
[Black "Klokgieters, Jeroen"]
[Result "1-0"]
[WhiteElo "458"]
[BlackElo "944"]
[PlyCount "29"]
[EventDate "2007.12.28"]
[EventType "tourn"]
[EventRounds "17"]
[EventCountry "NED"]
[Source "P.Boonen"]
[SourceDate "2015.01.01"]

1. e4 e5 2. Bc4 Nf6 3. Nc3 Nc6 4. Na4 Bb4 5. c3 Bd6 6. Qb3 a6 7. Bxf7+ Kf8 8.
Bc4 b5 9. Bd3 bxa4 10. Qxa4 Bc5 11. Bc2 Ng4 12. f3 Nf2 13. Bb3 Nxh1 14. Qc4 d6
15. Qf7# 1-0

[Event "LK jeugd t/m 12 jaar"]
[Site "Buggenum"]
[Date "2007.12.28"]
[Round "4"]
[White "Wing Kee Yiek"]
[Black "Katoen, Tom"]
[Result "1/2-1/2"]
[WhiteElo "738"]
[BlackElo "832"]
[PlyCount "42"]
[EventDate "2007.12.28"]
[EventType "tourn"]
[EventRounds "17"]
[EventCountry "NED"]
[Source "P.Boonen"]
[SourceDate "2015.01.01"]

1. e4 c5 2. Nf3 d6 3. Bb5+ Nc6 4. Bxc6+ bxc6 5. O-O Bd7 6. d3 Nf6 7. Ng5 g6 8.
Bf4 Bg7 9. e5 dxe5 10. Bxe5 O-O 11. Bxf6 Bxf6 12. Ne4 Bxb2 13. Nbd2 Bxa1 14.
Qxa1 Rb8 15. Nxc5 Bf5 16. Ndb3 Qb6 17. Qe1 Qc7 18. Na6 Qb7 19. Nxb8 Qxb8 20.
Qxe7 Re8 21. Qc5 Bd7 1/2-1/2

[Event "LK jeugd t/m 12 jaar"]
[Site "Buggenum"]
[Date "2007.12.28"]
[Round "4"]
[White "Yue, Tim"]
[Black "Van Mulekom, Maureen"]
[Result "1-0"]
[WhiteElo "1325"]
[BlackElo "903"]
[PlyCount "67"]
[EventDate "2007.12.28"]
[EventType "tourn"]
[EventRounds "17"]
[EventCountry "NED"]
[Source "P.Boonen"]
[SourceDate "2015.01.01"]

1. e4 e5 2. Nf3 Nc6 3. d4 d6 4. dxe5 dxe5 5. Qxd8+ Nxd8 6. Nxe5 Nf6 7. Nc3 Bb4
8. Bd3 O-O 9. O-O Nc6 10. Nxc6 bxc6 11. Bd2 a5 12. a3 Bxc3 13. Bxc3 a4 14. Bxf6
gxf6 15. Rfe1 Ba6 16. Re3 Bxd3 17. Rxd3 Rfd8 18. Rad1 Rdb8 19. Rb1 Re8 20. f3
Red8 21. Kf2 Rxd3 22. cxd3 Ra5 23. Ke3 f5 24. Kf4 fxe4 25. dxe4 c5 26. Ke5 c4+
27. Kd4 f5 28. Kxc4 fxe4 29. fxe4 Rg5 30. g3 h6 31. b3 axb3 32. Rxb3 h5 33. Rb5
Rxb5 34. Kxb5 1-0

[Event "LK jeugd t/m 12 jaar"]
[Site "Buggenum"]
[Date "2007.12.28"]
[Round "5"]
[White "Huibers, Lars"]
[Black "Cremers, Daan"]
[Result "0-1"]
[WhiteElo "721"]
[BlackElo "1055"]
[PlyCount "142"]
[EventDate "2007.12.28"]
[EventType "tourn"]
[EventRounds "17"]
[EventCountry "NED"]
[Source "P.Boonen"]
[SourceDate "2015.01.01"]

1. e4 e5 2. Nf3 Nc6 3. Bb5 d6 4. Bxc6+ bxc6 5. Nc3 Nf6 6. O-O Be7 7. d3 O-O 8.
Bg5 h6 9. Bxf6 Bxf6 10. Qe2 Bg4 11. h3 Bh5 12. Rab1 Bg5 13. b3 Qf6 14. a4 Bxf3
15. Qxf3 Qxf3 16. gxf3 Bf4 17. Ne2 Rfe8 18. Nxf4 exf4 19. Kh2 d5 20. exd5 cxd5
21. Rbe1 g5 22. Rxe8+ Rxe8 23. Kg1 Re2 24. c4 dxc4 25. dxc4 Rb2 26. Re1 Rxb3
27. Re7 Rb4 28. Rxc7 Rxa4 29. c5 Rc4 30. Kf1 a5 31. Ke2 Kg7 32. Kd3 Rc1 33. Kd2
Rb1 34. c6 Rb6 35. Ra7 Rxc6 36. Rxa5 Rd6+ 37. Ke1 Kg6 38. Kf1 f5 39. Kg2 h5 40.
Kh2 g4 41. hxg4 fxg4 42. fxg4 hxg4 43. Kg2 Rd2 44. Ra6+ Kg5 45. Ra5+ Kf6 46.
Ra6+ Ke5 47. Ra5+ Rd5 48. Rxd5+ Kxd5 49. f3 gxf3+ 50. Kxf3 Ke5 51. Ke2 Ke4 52.
Kf2 Ke5 53. Kf3 Kf5 54. Kf2 Kg4 55. Kg2 f3+ 56. Kg1 Kg3 57. Kf1 f2 58. Ke2 Kg2
59. Ke3 f1=Q 60. Kd2 Qf3 61. Ke1 Kh2 62. Kd2 Kg3 63. Ke1 Qg2 64. Kd1 Qf2 65.
Kc1 Qe2 66. Kb1 Qd2 67. Ka1 Kf3 68. Kb1 Ke3 69. Ka1 Kd3 70. Kb1 Kc3 71. Ka1
Qb2# 0-1

[Event "LK jeugd t/m 12 jaar"]
[Site "Buggenum"]
[Date "2007.12.28"]
[Round "5"]
[White "Katoen, Tom"]
[Black "Broens, Damian"]
[Result "1-0"]
[WhiteElo "832"]
[BlackElo "854"]
[PlyCount "63"]
[EventDate "2007.12.28"]
[EventType "tourn"]
[EventRounds "17"]
[EventCountry "NED"]
[Source "P.Boonen"]
[SourceDate "2015.01.01"]

1. c4 e5 2. d3 d5 3. cxd5 Qxd5 4. Nc3 Qa5 5. Bd2 Bb4 6. a3 Bxc3 7. Bxc3 Qc5 8.
Nf3 Nc6 9. g3 Nf6 10. Bg2 O-O 11. O-O Bg4 12. Bb4 Nxb4 13. axb4 Qxb4 14. Rb1 e4
15. dxe4 Qxe4 16. Rc1 Bxf3 17. Bxf3 Qe5 18. Bxb7 Rab8 19. Bg2 Rxb2 20. Re1 Qf5
21. Rxc7 Ng4 22. Rf1 Qh5 23. h3 Nf6 24. Rxa7 Rxe2 25. g4 Qe5 26. Bf3 Rb2 27.
Re1 Qc5 28. Re3 Qxa7 29. g5 Ne8 30. g6 fxg6 31. Qd5+ Rf7 32. Rxe8# 1-0

[Event "LK jeugd t/m 12 jaar"]
[Site "Buggenum"]
[Date "2007.12.28"]
[Round "5"]
[White "Linssen, Freek"]
[Black "Verstappen, Thom"]
[Result "1-0"]
[WhiteElo "1146"]
[BlackElo "458"]
[PlyCount "39"]
[EventDate "2007.12.28"]
[EventType "tourn"]
[EventRounds "17"]
[EventCountry "NED"]
[Source "P.Boonen"]
[SourceDate "2015.01.01"]

1. e4 e5 2. Nf3 Bd6 3. Nc3 g6 4. d3 f5 5. Bg5 Be7 6. Bxe7 Qxe7 7. Nd5 Qf8 8.
Nxc7+ Kd8 9. Nxa8 Ne7 10. Nxe5 Nbc6 11. Nxc6+ Nxc6 12. exf5 gxf5 13. Qf3 Rg8
14. O-O-O Rg4 15. h3 Ra4 16. g4 Qh6+ 17. Qe3 Ne5 18. Qxh6 Ng6 19. gxf5 Ne7 20.
Qf8# 1-0

[Event "LK jeugd t/m 12 jaar"]
[Site "Buggenum"]
[Date "2007.12.28"]
[Round "5"]
[White "Maessen, Roy"]
[Black "De Ridder, Naomi"]
[Result "1-0"]
[WhiteElo "1224"]
[BlackElo "1148"]
[PlyCount "113"]
[EventDate "2007.12.28"]
[EventType "tourn"]
[EventRounds "17"]
[EventCountry "NED"]
[Source "P.Boonen"]
[SourceDate "2015.01.01"]

1. d4 d5 2. e3 Nc6 3. Bd3 e5 4. dxe5 Nxe5 5. Be2 Nf6 6. Nf3 Nc6 7. Nc3 Bf5 8.
Bd3 Bg4 9. h3 Bh5 10. O-O Ne5 11. Be2 Nxf3+ 12. Bxf3 Bg6 13. Nxd5 Nxd5 14. Bxd5
c6 15. Bb3 Bd6 16. Bd2 O-O 17. Bc3 Re8 18. Qd4 Be5 19. Qxd8 Raxd8 20. Bxe5 Rxe5
21. Rad1 Ree8 22. Rfe1 Bf5 23. c3 c5 24. Rxd8 Rxd8 25. Rd1 Rc8 26. Rd5 Be6 27.
Rd1 Bf5 28. g4 Bg6 29. Rd7 Rb8 30. Rc7 b6 31. Rxa7 Rd8 32. Rb7 Rc8 33. Rxb6 c4
34. Bxc4 h6 35. Bb3 Rd8 36. a4 Rd2 37. a5 Rd7 38. a6 Ra7 39. Bc4 Be4 40. Kh2
Kf8 41. Kg3 Ke8 42. Kf4 Ba8 43. Ke5 f6+ 44. Ke6 Re7+ 45. Kd6 Rd7+ 46. Kc5 Rc7+
47. Kb5 Ra7 48. Rb8+ Kd7 49. Kb6 Rc7 50. Bb5+ Kd6 51. Rd8+ Ke7 52. Kxc7 Be4 53.
a7 Ke6 54. Re8+ Kd5 55. Bc6+ Kc5 56. Rxe4 g6 57. b4# 1-0

[Event "LK jeugd t/m 12 jaar"]
[Site "Buggenum"]
[Date "2007.12.28"]
[Round "5"]
[White "Van Meegen, Ruud"]
[Black "Peeters, Victor"]
[Result "1-0"]
[WhiteElo "1434"]
[BlackElo "978"]
[PlyCount "85"]
[EventDate "2007.12.28"]
[EventType "tourn"]
[EventRounds "17"]
[EventCountry "NED"]
[Source "P.Boonen"]
[SourceDate "2015.01.01"]

1. e4 e5 2. Nf3 d6 3. Bc4 Nc6 4. d3 Nf6 5. Ng5 d5 6. exd5 Nxd5 7. Qf3 Be6 8.
Nxe6 fxe6 9. Nc3 Bb4 10. Bd2 Bxc3 11. Bxc3 Kd7 12. Bxd5 exd5 13. Qxd5+ Kc8 14.
Qxd8+ Rxd8 15. O-O-O Rf8 16. f3 Rf4 17. Rde1 Rf5 18. Re4 Kd7 19. Rhe1 Re8 20.
d4 Kd6 21. dxe5+ Nxe5 22. f4 Ref8 23. Bxe5+ Kc6 24. Bxg7 Rd8 25. Re7 Ra5 26. a3
Rad5 27. Bc3 b5 28. Rxh7 a6 29. Ba5 Kb7 30. Rxc7+ Kb8 31. Rc5 R8d6 32. Re8+ Rd8
33. Rxd8+ Rxd8 34. Bxd8 Kb7 35. f5 b4 36. axb4 Kb8 37. f6 a5 38. Bxa5 Kb7 39.
f7 Ka6 40. f8=Q Ka7 41. Rc7+ Ka6 42. Qa8+ Kb5 43. Qc6# 1-0

[Event "LK jeugd t/m 12 jaar"]
[Site "Buggenum"]
[Date "2007.12.28"]
[Round "5"]
[White "Van Oeteren, Roy"]
[Black "Meeuwissen, Tom"]
[Result "1-0"]
[WhiteElo "792"]
[BlackElo "477"]
[PlyCount "43"]
[EventDate "2007.12.28"]
[EventType "tourn"]
[EventRounds "17"]
[EventCountry "NED"]
[Source "P.Boonen"]
[SourceDate "2015.01.01"]

1. e4 e5 2. Nf3 Nc6 3. Nc3 Nf6 4. Bb5 Bc5 5. O-O Bb4 6. d3 O-O 7. Bg5 d6 8. h3
Qd7 9. Nd5 Bc5 10. Nxf6+ Kh8 11. Nxd7 Bxd7 12. Be7 Nxe7 13. Bxd7 h6 14. Nh4
Rad8 15. Bf5 Nxf5 16. Nxf5 g6 17. Nxh6 a5 18. Qf3 b6 19. Nxf7+ Rxf7 20. Qxf7 d5
21. Qxg6 Rg8 22. Qh6# 1-0

[Event "LK jeugd t/m 12 jaar"]
[Site "Buggenum"]
[Date "2007.12.28"]
[Round "5"]
[White "Wing Kee Yiek"]
[Black "Klokgieters, Jeroen"]
[Result "1-0"]
[WhiteElo "738"]
[BlackElo "944"]
[PlyCount "109"]
[EventDate "2007.12.28"]
[EventType "tourn"]
[EventRounds "17"]
[EventCountry "NED"]
[Source "P.Boonen"]
[SourceDate "2015.01.01"]

1. e4 e5 2. Nf3 Nc6 3. Bb5 f6 4. Bxc6 dxc6 5. h3 Qe7 6. Nc3 Bd7 7. O-O O-O-O 8.
d3 c5 9. Nb5 Bxb5 10. a4 Ba6 11. Be3 h6 12. c3 c4 13. d4 exd4 14. Bxd4 Qxe4 15.
Re1 Qf5 16. Nh4 Qg5 17. Qg4+ Kb8 18. Qxg5 hxg5 19. Ng6 Rh4 20. Nxh4 gxh4 21.
Re2 Ne7 22. Re4 Nf5 23. Rae1 g5 24. Re8 Kc8 25. Rxd8+ Kxd8 26. Bxf6+ Be7 27.
Bxe7+ Nxe7 28. Re5 b6 29. Rxg5 c6 30. f4 b5 31. axb5 cxb5 32. f5 Nd5 33. Rg6
Ke7 34. Rxa6 b4 35. Rxa7+ Kf6 36. Ra5 Ke5 37. cxb4 Ke4 38. Rxd5 Kxd5 39. f6 Ke6
40. Kf2 Kxf6 41. Ke3 c3 42. bxc3 Kg5 43. Kf3 Kh5 44. b5 Kg5 45. b6 Kh5 46. b7
Kg5 47. b8=Q Kh5 48. c4 Kg5 49. c5 Kf6 50. Qd6+ Kf7 51. c6 Ke8 52. c7 Kf7 53.
c8=Q Kg7 54. Qcc7+ Kg8 55. Qdd8# 1-0

[Event "LK jeugd t/m 12 jaar"]
[Site "Buggenum"]
[Date "2007.12.28"]
[Round "6"]
[White "Broens, Damian"]
[Black "Klokgieters, Jeroen"]
[Result "0-1"]
[WhiteElo "854"]
[BlackElo "944"]
[PlyCount "138"]
[EventDate "2007.12.28"]
[EventType "tourn"]
[EventRounds "17"]
[EventCountry "NED"]
[Source "P.Boonen"]
[SourceDate "2015.01.01"]

1. e4 e5 2. Qh5 Nc6 3. Nc3 Nf6 4. Qe2 Bc5 5. Nf3 d6 6. g3 O-O 7. Bg2 Bg4 8. O-O
Nd4 9. Qd1 Nxf3+ 10. Bxf3 Bxf3 11. Qxf3 Bd4 12. b3 Bxc3 13. dxc3 d5 14. Bb2
dxe4 15. Qe2 Qd7 16. Kg2 Rad8 17. c4 Qd2 18. Qxd2 Rxd2 19. Bxe5 Ng4 20. Bxc7 e3
21. Bf4 Rxf2+ 22. Rxf2 exf2 23. Rf1 Re8 24. Rxf2 Nxf2 25. Kxf2 Rd8 26. a4 f6
27. b4 g5 28. Be3 Ra8 29. b5 Kf7 30. a5 Ke7 31. Bc5+ Kd7 32. b6 axb6 33. axb6
Kc6 34. Be7 Kxb6 35. Bxf6 g4 36. Bd4+ Kc6 37. c5 Ra2 38. Kg2 Rxc2+ 39. Kf1 Rxh2
40. Bg1 Rh1 41. Kg2 Rh3 42. Bd4 h5 43. Bf2 Kd5 44. Bg1 h4 45. Bf2 hxg3 46. Bxg3
Rxg3+ 47. Kxg3 Kxc5 48. Kxg4 b5 49. Kf3 Kc4 50. Ke3 Kc3 51. Ke2 b4 52. Kd1 Kb2
53. Kd2 Ka2 54. Kc1 Kb3 55. Kb1 Ka3 56. Ka1 Kb3 57. Kb1 Kc3 58. Kc1 b3 59. Kb1
b2 60. Ka2 Kc2 61. Ka3 b1=Q 62. Ka4 Qb3+ 63. Ka5 Kc3 64. Ka6 Qb4 65. Ka7 Kc4
66. Ka6 Qb5+ 67. Ka7 Kc5 68. Ka8 Kc6 69. Ka7 Qb7# 0-1

[Event "LK jeugd t/m 12 jaar"]
[Site "Buggenum"]
[Date "2007.12.28"]
[Round "6"]
[White "Cremers, Daan"]
[Black "Katoen, Tom"]
[Result "1-0"]
[WhiteElo "1055"]
[BlackElo "832"]
[PlyCount "95"]
[EventDate "2007.12.28"]
[EventType "tourn"]
[EventRounds "17"]
[EventCountry "NED"]
[Source "P.Boonen"]
[SourceDate "2015.01.01"]

1. e4 c5 2. Nf3 d6 3. Nc3 Nf6 4. Bc4 Nc6 5. d3 g6 6. O-O Bg7 7. h3 O-O 8. Bg5
Bd7 9. Qe2 a6 10. a3 b5 11. Bd5 Rb8 12. b4 cxb4 13. Bxc6 Bxc6 14. axb4 Rc8 15.
Qd2 Bb7 16. Ne2 Nd7 17. Rac1 Rc7 18. Bh6 Qc8 19. Bxg7 Kxg7 20. Rfe1 Ne5 21.
Ned4 Qa8 22. Qg5 Qa7 23. Nxe5 Qxd4 24. Nf3 Qxb4 25. e5 Rc5 26. Qxe7 Bxf3 27.
Qf6+ Kg8 28. Qxf3 dxe5 29. Re4 Qc3 30. Qe2 Re8 31. Re3 a5 32. d4 Qxd4 33. Rd1
Qb2 34. Rb3 Qxb3 35. cxb3 e4 36. Ra1 a4 37. bxa4 bxa4 38. Rxa4 f5 39. f3 Rce5
40. f4 Rc5 41. Qa2+ Kg7 42. Ra7+ Kh6 43. g4 Rc1+ 44. Kh2 fxg4 45. hxg4 e3 46.
g5+ Kh5 47. Qe2+ Kh4 48. Rxh7# 1-0

[Event "LK jeugd t/m 12 jaar"]
[Site "Buggenum"]
[Date "2007.12.28"]
[Round "6"]
[White "De Ridder, Naomi"]
[Black "Van Meegen, Ruud"]
[Result "0-1"]
[WhiteElo "1148"]
[BlackElo "1434"]
[PlyCount "134"]
[EventDate "2007.12.28"]
[EventType "tourn"]
[EventRounds "17"]
[EventCountry "NED"]
[Source "P.Boonen"]
[SourceDate "2015.01.01"]

1. e4 c5 2. Nf3 d6 3. d4 cxd4 4. Nxd4 Nf6 5. Nc3 g6 6. Bg5 Bg7 7. Bb5+ Bd7 8.
O-O O-O 9. Re1 Nc6 10. Nxc6 Bxc6 11. Bxc6 bxc6 12. e5 dxe5 13. Rxe5 Re8 14. Re2
Qa5 15. Bh4 Qb4 16. Bxf6 Bxf6 17. Rb1 Rab8 18. Re4 Qb6 19. Na4 Qb5 20. b3 Red8
21. Qe2 Rbc8 22. c4 Qf5 23. Qc2 Rd6 24. Re2 Qxc2 25. Rxc2 Rcd8 26. Rcc1 Rd2 27.
a3 Ra2 28. Nc5 Rxa3 29. Rc2 Ra5 30. b4 Ra3 31. Ne4 Bg7 32. Rcc1 Rad3 33. Nc5
Rd2 34. Ne4 Rb2 35. Rxb2 Bxb2 36. Rb1 Rd4 37. f3 f5 38. Ng3 Bc3 39. Ne2 Rxc4
40. Nxc3 Rxc3 41. b5 cxb5 42. Rxb5 Ra3 43. Rb7 Kf7 44. Kf2 a5 45. Ke2 a4 46.
Kd1 Ra2 47. Ra7 Rxg2 48. Rxa4 Rxh2 49. Ke1 h5 50. Kf1 g5 51. f4 g4 52. Kg1 Re2
53. Ra3 Re4 54. Rg3 Rxf4 55. Rg2 h4 56. Kh2 Rf3 57. Kh1 Rh3+ 58. Kg1 Rg3 59.
Rxg3 hxg3 60. Kg2 f4 61. Kf1 f3 62. Kg1 e5 63. Kf1 e4 64. Kg1 e3 65. Kf1 f2 66.
Kg2 e2 67. Kxg3 f1=Q 0-1

[Event "LK jeugd t/m 12 jaar"]
[Site "Buggenum"]
[Date "2007.12.28"]
[Round "6"]
[White "Peeters, Victor"]
[Black "Meeuwissen, Tom"]
[Result "1-0"]
[WhiteElo "978"]
[BlackElo "477"]
[PlyCount "63"]
[EventDate "2007.12.28"]
[EventType "tourn"]
[EventRounds "17"]
[EventCountry "NED"]
[Source "P.Boonen"]
[SourceDate "2015.01.01"]

1. e4 e5 2. Nf3 Nc6 3. Bb5 Nf6 4. Bxc6 dxc6 5. Nxe5 Nxe4 6. Qe2 Bf5 7. d3 Nc5
8. Nxc6+ Qe7 9. Nxe7 Bxe7 10. Bg5 O-O-O 11. Bxe7 Rd7 12. Bxc5 b6 13. Bd4 Rxd4
14. Qh5 Be6 15. O-O Rd5 16. Qf3 Rf5 17. Qa8+ Kd7 18. Qxh8 Bd5 19. Qxh7 Rg5 20.
Qh3+ Kd6 21. Nc3 Bc6 22. Ne4+ Bxe4 23. dxe4 g6 24. Rad1+ Ke5 25. Qh4 Rh5 26.
Rd5+ Ke6 27. Rxh5 gxh5 28. Qxh5 c5 29. Rd1 a5 30. Qf5+ Ke7 31. Rd7+ Ke8 32.
Qxf7# 1-0

[Event "LK jeugd t/m 12 jaar"]
[Site "Buggenum"]
[Date "2007.12.28"]
[Round "6"]
[White "Van Oeteren, Roy"]
[Black "Van Mulekom, Maureen"]
[Result "1/2-1/2"]
[WhiteElo "792"]
[BlackElo "903"]
[PlyCount "63"]
[EventDate "2007.12.28"]
[EventType "tourn"]
[EventRounds "17"]
[EventCountry "NED"]
[Source "P.Boonen"]
[SourceDate "2015.01.01"]

1. e4 e5 2. Nc3 Nc6 3. Nf3 Nf6 4. Bb5 Bc5 5. O-O O-O 6. d3 d6 7. h3 Nd4 8. Nxd4
Bxd4 9. Bg5 Bxc3 10. bxc3 c6 11. Ba4 b5 12. Bb3 a5 13. a4 h6 14. Bc1 d5 15. Ba3
Re8 16. exd5 Nxd5 17. axb5 Nxc3 18. Qd2 Nxb5 19. Ba4 Qf6 20. c4 Nd4 21. Bb2
Bxh3 22. Bxd4 exd4 23. gxh3 Qg6+ 24. Kh1 Re5 25. Rfe1 Rh5 26. Kh2 Qd6+ 27. f4
g5 28. Rf1 Qe6 29. Rf3 g4 30. Rg3 Rxh3+ 31. Rxh3 gxh3 32. Rg1+ 1/2-1/2

[Event "LK jeugd t/m 12 jaar"]
[Site "Buggenum"]
[Date "2007.12.28"]
[Round "6"]
[White "Verstappen, Thom"]
[Black "Maessen, Roy"]
[Result "0-1"]
[WhiteElo "458"]
[BlackElo "1224"]
[PlyCount "50"]
[EventDate "2007.12.28"]
[EventType "tourn"]
[EventRounds "17"]
[EventCountry "NED"]
[Source "P.Boonen"]
[SourceDate "2015.01.01"]

1. e4 d5 2. Qe2 dxe4 3. Qxe4 Nf6 4. Qa4+ Bd7 5. Bb5 Nd5 6. Bxd7+ Nxd7 7. d4
N5b6 8. Qb3 Nf6 9. Nf3 Qd5 10. c4 Qxc4 11. Qa3 Qxc1+ 12. Ke2 Qxh1 13. Qd3 Nfd5
14. a4 Nf4+ 15. Ke3 Nxd3 16. Kxd3 Qd1+ 17. Nfd2 O-O-O 18. Ke4 e6 19. a5 Nc4 20.
Ra3 Qg4+ 21. f4 Nxd2+ 22. Nxd2 Qe2+ 23. Re3 f5+ 24. Ke5 Qxe3+ 25. Ne4 Bd6+ 0-1

[Event "LK jeugd t/m 12 jaar"]
[Site "Buggenum"]
[Date "2007.12.28"]
[Round "6"]
[White "Wing Kee Yiek"]
[Black "Linssen, Freek"]
[Result "0-1"]
[WhiteElo "738"]
[BlackElo "1146"]
[PlyCount "62"]
[EventDate "2007.12.28"]
[EventType "tourn"]
[EventRounds "17"]
[EventCountry "NED"]
[Source "P.Boonen"]
[SourceDate "2015.01.01"]

1. e4 c5 2. Bb5 a6 3. Bd3 d6 4. Nf3 Nc6 5. O-O Bd7 6. Nc3 Nf6 7. Bc4 b5 8. Be2
g6 9. d3 Bg7 10. Bg5 O-O 11. Bxf6 Bxf6 12. Qd2 b4 13. Nd5 Bg7 14. Nb6 Rb8 15.
Nxd7 Qxd7 16. Qe3 Bxb2 17. Rab1 Bd4 18. Qh6 Bg7 19. Qh3 Qxh3 20. gxh3 f5 21.
exf5 Rxf5 22. Nh4 Re5 23. Rbe1 Rf8 24. Bf3 Rxe1 25. Rxe1 g5 26. Ng2 Rxf3 27.
Rf1 Rxh3 28. Kh1 Be5 29. Kg1 Nd4 30. c4 Nf3+ 31. Kh1 Rxh2# 0-1

[Event "LK jeugd t/m 12 jaar"]
[Site "Buggenum"]
[Date "2007.12.29"]
[Round "7"]
[White "Huibers, Lars"]
[Black "Yue, Tim"]
[Result "0-1"]
[WhiteElo "721"]
[BlackElo "1325"]
[PlyCount "38"]
[EventDate "2007.12.28"]
[EventType "tourn"]
[EventRounds "17"]
[EventCountry "NED"]
[Source "P.Boonen"]
[SourceDate "2015.01.01"]

1. e4 c5 2. Nf3 d6 3. Nc3 Nc6 4. Bc4 Nf6 5. O-O g6 6. d3 Bg7 7. Bf4 O-O 8. Qe2
Bg4 9. h3 Nd4 10. Qd1 Nxf3+ 11. gxf3 Bxh3 12. Re1 Nh5 13. Be3 e6 14. Bb3 Bd4
15. Ne2 Bxe3 16. Ng3 Nxg3 17. Rxe3 Qg5 18. f4 Ne2+ 19. Kh1 Qg2# 0-1

[Event "LK jeugd t/m 12 jaar"]
[Site "Buggenum"]
[Date "2007.12.29"]
[Round "7"]
[White "Klokgieters, Jeroen"]
[Black "Cremers, Daan"]
[Result "0-1"]
[WhiteElo "944"]
[BlackElo "1055"]
[PlyCount "138"]
[EventDate "2007.12.28"]
[EventType "tourn"]
[EventRounds "17"]
[EventCountry "NED"]
[Source "P.Boonen"]
[SourceDate "2015.01.01"]

1. e4 e5 2. Nf3 Nc6 3. Nc3 Nf6 4. Bc4 Bc5 5. d3 d6 6. h3 h6 7. O-O O-O 8. Bd2
Bd7 9. a3 Qe7 10. Qe2 Nd4 11. Nxd4 Bxd4 12. Rab1 c6 13. Qf3 Kh8 14. Be1 b5 15.
Ba2 Be6 16. Bxe6 Qxe6 17. b4 d5 18. exd5 Nxd5 19. Nxd5 Qxd5 20. Qxd5 cxd5 21.
c3 Bb6 22. Bd2 Rac8 23. Rfe1 Rfe8 24. Be3 Bxe3 25. Rxe3 Rxc3 26. d4 Rxe3 27.
fxe3 exd4 28. exd4 Re3 29. Ra1 Rd3 30. Rf1 Kg8 31. Rf4 Rxa3 32. Rf5 Ra4 33.
Rxd5 Rxb4 34. Rd8+ Kh7 35. d5 Rd4 36. d6 Kg6 37. Rb8 Rxd6 38. Rxb5 a6 39. Ra5
Kf6 40. Kf2 Ke7 41. Re5+ Re6 42. Ra5 Kd7 43. Rd5+ Kc7 44. Rf5 Rf6 45. Rxf6 gxf6
46. Ke2 Kd6 47. Kd3 Ke5 48. Ke2 Ke4 49. Ke1 a5 50. Kd2 f5 51. Kc3 Ke3 52. Kb3
f4 53. Ka4 f3 54. gxf3 Kxf3 55. Kxa5 Ke3 56. Kb5 f5 57. Kc4 f4 58. Kc3 Ke2 59.
Kd4 f3 60. Ke4 f2 61. Kf5 f1=Q+ 62. Kg6 Qxh3 63. Kh7 Qg4 64. Kxh6 Ke3 65. Kh7
Qg5 66. Kh8 Kf4 67. Kh7 Kf5 68. Kh8 Kf6 69. Kh7 Qg7# 0-1

[Event "LK jeugd t/m 12 jaar"]
[Site "Buggenum"]
[Date "2007.12.29"]
[Round "7"]
[White "Linssen, Freek"]
[Black "Broens, Damian"]
[Result "1-0"]
[WhiteElo "1146"]
[BlackElo "854"]
[PlyCount "75"]
[EventDate "2007.12.28"]
[EventType "tourn"]
[EventRounds "17"]
[EventCountry "NED"]
[Source "P.Boonen"]
[SourceDate "2015.01.01"]

1. e4 e5 2. Nf3 Nc6 3. d4 d6 4. d5 Nb8 5. c4 Nf6 6. Bd3 Bg4 7. Nc3 Be7 8. h3
Bxf3 9. Qxf3 O-O 10. Bg5 Nbd7 11. b4 h6 12. Be3 Nh7 13. h4 Ndf6 14. Qg3 g6 15.
Bxh6 Re8 16. Qf3 Bf8 17. Bg5 Be7 18. a3 Nh5 19. g4 Ng7 20. Bh6 Bf8 21. h5 gxh5
22. gxh5 Qd7 23. Bxg7 Bxg7 24. h6 Bh8 25. Rg1+ Kf8 26. Qg3 Ke7 27. O-O-O Bf6
28. Rg2 Bg5+ 29. Kc2 Bxh6 30. Qh4+ Bg5 31. Qxh7 Bf6 32. Qh6 Rh8 33. Qd2 Qh3 34.
Rg3 Qd7 35. Rf1 Rad8 36. f4 exf4 37. Qxf4 Be5 38. Qxf7# 1-0

[Event "LK jeugd t/m 12 jaar"]
[Site "Buggenum"]
[Date "2007.12.29"]
[Round "7"]
[White "Maessen, Roy"]
[Black "Wing Kee Yiek"]
[Result "1-0"]
[WhiteElo "1224"]
[BlackElo "738"]
[PlyCount "49"]
[EventDate "2007.12.28"]
[EventType "tourn"]
[EventRounds "17"]
[EventCountry "NED"]
[Source "P.Boonen"]
[SourceDate "2015.01.01"]

1. d4 d5 2. Nf3 Nf6 3. e3 Bg4 4. Be2 Bxf3 5. Bxf3 e6 6. O-O Bd6 7. Re1 O-O 8.
Nd2 Bb4 9. a3 Bxd2 10. Bxd2 c6 11. Bb4 Re8 12. Qe2 a5 13. Bc3 b5 14. Qd2 Nbd7
15. b4 a4 16. Qd3 Qb6 17. e4 dxe4 18. Bxe4 Nxe4 19. Rxe4 Rf8 20. Rh4 Nf6 21. d5
g6 22. Bxf6 exd5 23. Qh3 Rfe8 24. Rxh7 Kf8 25. Rh8# 1-0

[Event "LK jeugd t/m 12 jaar"]
[Site "Buggenum"]
[Date "2007.12.29"]
[Round "7"]
[White "Meeuwissen, Tom"]
[Black "De Ridder, Naomi"]
[Result "0-1"]
[WhiteElo "477"]
[BlackElo "1148"]
[PlyCount "104"]
[EventDate "2007.12.28"]
[EventType "tourn"]
[EventRounds "17"]
[EventCountry "NED"]
[Source "P.Boonen"]
[SourceDate "2015.01.01"]

1. e4 e5 2. Nf3 Nc6 3. Nc3 Nf6 4. Bb5 d5 5. Bxc6+ bxc6 6. exd5 Nxd5 7. Nxd5
Qxd5 8. Qe2 Bg4 9. Qxe5+ Qxe5+ 10. Nxe5 Bf5 11. Nxc6 Bxc2 12. a4 Be4 13. Nd4
Bxg2 14. Rg1 Bd5 15. Rg5 Bb7 16. Re5+ Kd8 17. d3 Bd6 18. Rb5 Ba6 19. Rb3 Bxh2
20. Nc6+ Kd7 21. Nd4 Rae8+ 22. Be3 Bf4 23. Kd2 Bxe3+ 24. fxe3 Rb8 25. Rxb8 Rxb8
26. e4 Rxb2+ 27. Nc2 Rb3 28. Ra3 Rxa3 29. Nxa3 h5 30. Ke2 h4 31. Kf2 Bxd3 32.
Kg2 Bxe4+ 33. Kh3 g5 34. Kg4 a5 35. Kxg5 h3 36. Kf4 h2 37. Kxe4 h1=Q+ 38. Ke5
Qh5+ 39. Kd4 Qg4+ 40. Kd3 Qxa4 41. Nc4 Qb3+ 42. Kd4 f5 43. Nxa5 Qb4+ 44. Nc4
c5+ 45. Kd3 f4 46. Nd2 Qd4+ 47. Kc2 f3 48. Nxf3 Qe4+ 49. Kc3 Qxf3+ 50. Kc4 Qe4+
51. Kxc5 Qd3 52. Kb6 Qc4 0-1

[Event "LK jeugd t/m 12 jaar"]
[Site "Buggenum"]
[Date "2007.12.29"]
[Round "7"]
[White "Van Meegen, Ruud"]
[Black "Verstappen, Thom"]
[Result "1-0"]
[WhiteElo "1434"]
[BlackElo "458"]
[PlyCount "53"]
[EventDate "2007.12.28"]
[EventType "tourn"]
[EventRounds "17"]
[EventCountry "NED"]
[Source "P.Boonen"]
[SourceDate "2015.01.01"]

1. e4 e5 2. Nf3 Bd6 3. Bc4 Qe7 4. d3 Bb4+ 5. Bd2 Nc6 6. O-O h5 7. Bxb4 Nxb4 8.
c3 Nc6 9. Qd2 h4 10. d4 h3 11. g3 Rh6 12. Nxe5 Nxe5 13. dxe5 Qxe5 14. f4 Qxe4
15. Re1 Qe7 16. Rxe7+ Nxe7 17. Qe2 d6 18. Nd2 Bf5 19. Re1 O-O-O 20. Qxe7 Rhh8
21. Qxf7 Rhf8 22. Qxg7 Bd7 23. Re7 Rfe8 24. Be6 Bxe6 25. Rxc7+ Kb8 26. Rxb7+
Kc8 27. Qc7# 1-0